Adhunika malayala sahithyam - vol. I (Record no. 4860)
[ view plain ]
| 000 -LEADER | |
|---|---|
| fixed length control field | 00590nam a2200145Ia 4500 |
| 008 - FIXED-LENGTH DATA ELEMENTS--GENERAL INFORMATION | |
| fixed length control field | 210324s9999||||xx |||||||||||||| ||und|| |
| 040 ## - CATALOGING SOURCE | |
| Transcribing agency | STCPL |
| 082 ## - DEWEY DECIMAL CLASSIFICATION NUMBER | |
| Classification number | 894.812 |
| Item number | PAR-A |
| 245 #0 - TITLE STATEMENT | |
| Title | Adhunika malayala sahithyam - vol. I |
| Title in other language | ആധുനിക മലയാളസാഹിത്യം - വാല്യം - 1 |
| 260 ## - PUBLICATION, DISTRIBUTION, ETC. | |
| Place of publication, distribution, etc. | St.Thomas College |
| Name of publisher, distributor, etc. | Sree Rama Vilasam Press |
| Date of publication, distribution, etc. | 1954 |
| 300 ## - PHYSICAL DESCRIPTION | |
| Extent | 1-xi, 1-368, 1-7 |
| 650 ## - SUBJECT ADDED ENTRY--TOPICAL TERM | |
| Topical term or geographic name entry element | Ural-Altaic, Paleosiberian, Dravidian LiteraturesMALAYALAMTHE DUNCE WHO THOUGHT MEN TO THINK, THE SUGAR CROP WAS SAVED, MOST ANCIENT INDIA. |
| 942 ## - ADDED ENTRY ELEMENTS (KOHA) | |
| Koha item type | Books |
| 041 ## - LANGUAGE CODE | |
| Language code of original | Malayalam |
| Withdrawn status | Lost status | Damaged status | Not for loan | Home library | Current library | Shelving location | Date acquired | Cost, normal purchase price | Total Checkouts | Full call number | Barcode | Date last seen | Price effective from | Koha item type |
|---|---|---|---|---|---|---|---|---|---|---|---|---|---|---|
| ST. THOMAS COLLEGE LIBRARY, PALAI | ST. THOMAS COLLEGE LIBRARY, PALAI | 2021-07-10 | 3.48 | 894.812 PAR-A | 8628 | 2021-07-10 | 2021-07-10 | Books |
